000 00224nam a22000857a 4500
008 161116b xxu||||| |||| 00| 0 eng d
100 _91258
_aSalwi. D. M
245 _aMy rabot robbi
260 _aNew delhi
_bNational book trust
_c2006
999 _c3961
_d3961